České poklady UNESCO pro děti /
Uloženo v:
| Hlavní autor: | |
|---|---|
| Další autoři: | |
| Médium: | Kniha |
| Jazyk: | Czech |
| Vydáno: |
Praha :
Stanislav Juhaňák - Triton,
2024
|
| Edice: | Laskavé čtení
|
| Témata: | |
| Celkem bylo vypůjčeno: | 2x |
| Tagy: |
Žádné tagy |
| LEADER | 01784nam a2200469 i 4500 | ||
|---|---|---|---|
| 001 | 102094 | ||
| 003 | CZ PrNK | ||
| 005 | 20240618143243.0 | ||
| 007 | ta | ||
| 008 | 240507s2024 xr a b f 000 0 cze | ||
| 015 | |a cnb003604621 | ||
| 020 | |a 9788076843097 |q (vázáno) | ||
| 040 | |a BOA001 |b cze |e rda | ||
| 072 | 7 | |a 930.85 |x Dějiny civilizace. Kulturní dějiny |2 Konspekt |9 8 | |
| 072 | 7 | |a 0/9-053.2 |x Literatura pro děti a mládež (naučná) |2 Konspekt |9 26 | |
| 080 | |a 930.85 |2 MRF | ||
| 080 | |a (437.3) |2 MRF | ||
| 080 | |a (0.062) |2 MRF | ||
| 080 | |a (0.053.2) |2 MRF | ||
| 100 | 1 | |a Jůzlová, Jana, |d 1974- |7 xx0038112 |4 aut |9 18933 | |
| 245 | 1 | 0 | |a České poklady UNESCO pro děti / |c Jana Jůzlová ; ilustrace Tomáš Kopecký |
| 264 | 1 | |a Praha : |b Stanislav Juhaňák - Triton, |c 2024 | |
| 300 | |a 67 stran : |b barevné ilustrace ; |c 19 cm | ||
| 336 | |a text |b txt |2 rdacontent | ||
| 336 | |a statický obraz |b sti |2 rdacontent | ||
| 337 | |a bez média |b n |2 rdamedia | ||
| 338 | |a svazek |b nc |2 rdacarrier | ||
| 490 | 1 | |a Laskavé čtení ; |v svazek 45 | |
| 521 | 8 | |a Pro děti od 8 let | |
| 610 | 2 | 7 | |a UNESCO |7 kn20010711459 |2 czenas |
| 650 | 0 | 7 | |a kulturní dědictví |7 ph137975 |z Česko |2 czenas |
| 650 | 0 | 9 | |a cultural heritage |z Czechia |2 eczenas |
| 655 | 7 | |a populárně-naučné publikace |7 fd131864 |2 czenas | |
| 655 | 7 | |a publikace pro děti |7 fd133156 |2 czenas | |
| 655 | 9 | |a popular works |2 eczenas | |
| 655 | 9 | |a children's literature |2 eczenas | |
| 700 | 1 | |a Kopecký, Tomáš, |d 1982- |7 jx20080206017 |4 ill |9 113742 | |
| 830 | 0 | |a Laskavé čtení | |
| 910 | |a UOG502 | ||
| 942 | |2 ddc |c KN | ||
| 999 | |d 102094 | ||
| 993 | |0 0 |1 421180102622 |2 ddc |4 0 |6 908_000000000000000 |7 0 |9 93471 |b 0 |c 102622 |d 2024-06-18 |e 2 |f M |g 908 |h 319.00 |i Koupě |l M |m 1 |r 2025-01-29 |s 2025-01-02 |t 7 |w 2024-06-18 |y KN |z NAUCNA |n | ||